La tentation de l'architecture dans la litterature romantique / (رقم التسجيلة. 23289)

تفاصيل مارك
000 -LEADER
fixed length control field 01534nam a2200349 a 4500
003 - CONTROL NUMBER IDENTIFIER
control field EG-GiCUC
005 - DATE AND TIME OF LATEST TRANSACTION
control field 20250223025915.0
008 - FIXED-LENGTH DATA ELEMENTS--GENERAL INFORMATION
fixed length control field 090805s2009 ua h f m 000 0 fre d
040 ## - CATALOGING SOURCE
Original cataloging agency EG-GiCUC
Language of cataloging fre
Transcribing agency EG-GiCUC
041 0# - LANGUAGE CODE
Language code of text/sound track or separate title fre
049 ## - LOCAL HOLDINGS (OCLC)
Holding library Deposite
097 ## - Thesis Degree
Thesis Level Ph.D
099 ## - LOCAL FREE-TEXT CALL NUMBER (OCLC)
Classification number Cai01.02.13.Ph.D.2009.Ra.T
100 0# - MAIN ENTRY--PERSONAL NAME
Personal name Rania Gouda Mohamed
245 13 - TITLE STATEMENT
Title La tentation de l'architecture dans la litterature romantique /
Statement of responsibility, etc. Rania Gouda Mohamed ; Sous la direction de Randa Sabry , Philippe Hamon
246 15 - VARYING FORM OF TITLE
Title proper/short title الولع بالفن المعمارى فى الادب الرومانسى الفرنسى
260 ## - PUBLICATION, DISTRIBUTION, ETC.
Place of publication, distribution, etc. Cairo :
Name of publisher, distributor, etc. Rania Gouda Mohamed ,
Date of publication, distribution, etc. 2009
300 ## - PHYSICAL DESCRIPTION
Extent 378 P. :
Other physical details facsimiles ;
Dimensions 25cm
502 ## - DISSERTATION NOTE
Dissertation note Thesis (Ph.D.) - Cairo University - Faculty of Arts - Department of French
520 ## - SUMMARY, ETC.
Summary, etc. Dans la premiere partie de la these, nous tentons d'analyser la conception et la place de farchitecture chez les romantiques et de lier cet examen a son ecriture descriptive. Quant a la deuxieme partie, elle envisage l'architecture non seulement en tant qu'espace dramatique mais egalement en tant que topos qui donne a lire les mouvement de l'Histoire
530 ## - ADDITIONAL PHYSICAL FORM AVAILABLE NOTE
Additional physical form available note Issued also as CD
653 #4 - INDEX TERM--UNCONTROLLED
Uncontrolled term Architecture
653 #4 - INDEX TERM--UNCONTROLLED
Uncontrolled term Espace
653 #4 - INDEX TERM--UNCONTROLLED
Uncontrolled term Litterature romantique
700 0# - ADDED ENTRY--PERSONAL NAME
Personal name Philippe Hamon ,
Relator term
700 0# - ADDED ENTRY--PERSONAL NAME
Personal name Randa Sabry ,
Relator term
856 ## - ELECTRONIC LOCATION AND ACCESS
Uniform Resource Identifier <a href="http://172.23.153.220/th.pdf">http://172.23.153.220/th.pdf</a>
902 ## - LOCAL DATA ELEMENT B, LDB (RLIN)
No. of Items 1
905 ## - LOCAL DATA ELEMENT E, LDE (RLIN)
Cataloger Mustafa
Reviser Revisor
905 ## - LOCAL DATA ELEMENT E, LDE (RLIN)
Cataloger Samia
Reviser Cataloger
942 ## - ADDED ENTRY ELEMENTS (KOHA)
Source of classification or shelving scheme Dewey Decimal Classification
Koha item type Thesis
المقتنيات
Source of classification or shelving scheme Not for loan Home library Current library Date acquired Full call number Barcode Date last seen Koha item type Copy number
Dewey Decimal Classification   المكتبة المركزبة الجديدة - جامعة القاهرة قاعة الرسائل الجامعية - الدور الاول 11.02.2024 Cai01.02.13.Ph.D.2009.Ra.T 01010110051347000 22.09.2023 Thesis  
Dewey Decimal Classification   المكتبة المركزبة الجديدة - جامعة القاهرة مخـــزن الرســائل الجـــامعية - البدروم 11.02.2024 Cai01.02.13.Ph.D.2009.Ra.T 01020110051347000 22.09.2023 CD - Rom 51347.CD
Cairo University Libraries Portal Implemented & Customized by: Eng. M. Mohamady Contacts: new-lib@cl.cu.edu.eg | cnul@cl.cu.edu.eg
CUCL logo CNUL logo
© All rights reserved — Cairo University Libraries
CUCL logo
Implemented & Customized by: Eng. M. Mohamady Contact: new-lib@cl.cu.edu.eg © All rights reserved — New Central Library
CNUL logo
Implemented & Customized by: Eng. M. Mohamady Contact: cnul@cl.cu.edu.eg © All rights reserved — Cairo National University Library